| 000 | 01674nam a2200385 c 4500 | ||
|---|---|---|---|
| 003 | BLK | ||
| 005 | 20230406030458.0 | ||
| 008 | 180412b bul|||||r ||||||| ||bul|| | ||
| 010 | _aKNG00014875000 | ||
| 020 |
_a954-07-0813-3 _bиздат.: Унив. изд. Св. Климент Охридски |
||
| 040 | _aBLK | ||
| 041 |
_aBUL _cBUL |
||
| 080 |
_aБългарски език _b811.163.2 _x(042.3) _z811.163.2(042.3) |
||
| 080 |
_aБългарска литература _b821.163.2 _x.09(042.3) _z821.163.2.09(042.3) |
||
| 700 | 1 |
_aХолевич, Йорданка Василева _eсъстав. _9364702 |
|
| 700 | 1 |
_aПавлов, Иван Александров _eсъстав. _9258185 |
|
| 139 |
_aБългаристични студии _bБ 92 |
||
| 245 | 1 | 0 |
_aБългаристични студии _bСб. _cсъстав. Йорданка Василева Холевич; състав. Иван Александров Павлов. |
| 257 | _aBGR | ||
| 260 |
_аСофия _bУнив. изд. Св. Климент Охридски _c1995 |
||
| 300 |
_a464 с. _c24 см |
||
| 380 | _a80 | ||
| 490 | 1 | _aМеждународна българистика | |
| 500 | _aТекст и на нем. и англ. ез. - Библиогр. след отд. материали. | ||
| 650 | 4 |
_aБългаристика _9149454 |
|
| 650 | 4 |
_aБългарски език _9246425 |
|
| 650 | 4 |
_aБългарска литература _9243597 |
|
| 653 | _aбългарски език | ||
| 653 | _aбългарска литература | ||
| 852 | _aЦб 190791 | ||
| 856 | 4 |
_qpdf _u |
|
| 856 | 4 |
_qpdf _u |
|
| 942 |
_cKNG _n0 |
||
| 944 |
_aCR _c15.01.2003 _kМилена_Ачева |
||
| 944 |
_aED _c25.06.2014 _k |
||
| 999 |
_c13243 _d13243 |
||